000 01386cam a2200253u 4500
001 8769
003 BD-RjUL
005 20211208234640.0
008 140119s1939 mau 000 0 eng
035 _a(BD-RjUL)8814
040 _aDLC
_cCarP
_dDLC
_dBD-RjUL
_beng
041 _aeng
082 0 0 _a543.5
_bMAS 1939
_223
110 2 _aMassachusetts institute of technology.
_bSpectroscopy laboratory. [from old catalog]
_9212315
245 1 0 _aMassachusetts institute of technology wavelength tables with intensities in arc, spark, or discharge tube of more than 100,000 spectrum lines :
_bmost strongly emitted by the atomic elements under normal conditions of excitation between 10,000 A. and 2000 A. arranged in order of decreasing wavelengths /
_cMeasured and compiled under the direction of George R. Harrison ... by staff members of the Spectroscopy laboratory of the Massachusetts institute of technology, assisted by the Works progress administration.
260 _aCambridge :
_bThe Technology press, Massachusetts institute of technology,
_aNew York :
_bJ. Wiley & sons, inc.,
_c1939.
300 _axxviii p., 1 l., 429 p. :
_bfront. ;
_c28 cm.
500 _aHalf-title: Tables of wavelengths.
650 0 _aSpectrum analysis
_vTables.
_927266
700 1 _aHarrison, George Russell,
_d1898-1979.
_927267
740 0 _aWavelength tables.
942 _2ddc
_cBK
999 _c8769
_d8769